[Event "Madrid-chT 2425"]
[Site "Madrid"]
[Date "2025.03.02"]
[Round "12.1"]
[White "Blanco Diez, David"]
[Black "Quispe Arteaga, Gabriel"]
[Result "1/2-1/2"]
[WhiteElo "2295"]
[BlackElo "2404"]
[PlyCount "32"]
[GameId "2152003887362338"]
[EventDate "2024.11.24"]
[EventType "team-tourn"]
[EventRounds "14"]
[EventCountry "ESP"]
[SourceVersionDate "2011.03.15"]
[WhiteTeam "Jaque Mate"]
[BlackTeam "Villalba 64"]
[WhiteTeamCountry "ESP"]
[BlackTeamCountry "ESP"]

1. d4 Nf6 2. c4 e6 3. Nc3 Bb4 4. f3 c5 5. d5 d6 6. e4 O-O 7. Nge2 Re8 8. Nf4 exd5 9. cxd5 a6 10. Be2 Ba5 11. a4 Nbd7 12. O-O Ne5 13. Nd3 Ng6 14. Nf4 Ne5 15. Nd3 Ng6 16. Nf4 Ne5 1/2-1/2

[Event "Madrid-chT 2425"]
[Site "Madrid"]
[Date "2025.03.02"]
[Round "12.2"]
[White "Ubilava, Elizbar"]
[Black "Lopez Mijail, Nicolas"]
[Result "1/2-1/2"]
[WhiteElo "2395"]
[BlackElo "2254"]
[PlyCount "88"]
[GameId "2152004677976361"]
[EventDate "2024.11.24"]
[EventType "team-tourn"]
[EventRounds "14"]
[EventCountry "ESP"]
[SourceVersionDate "2011.03.15"]
[WhiteTeam "Villalba 64"]
[BlackTeam "Jaque Mate"]
[WhiteTeamCountry "ESP"]
[BlackTeamCountry "ESP"]

1. c4 e5 2. g3 Nf6 3. Bg2 Bc5 4. e3 d5 5. cxd5 Nxd5 6. a3 O-O 7. b4 Bb6 8. Bb2 Re8 9. Ne2 Nc6 10. O-O Bg4 11. h3 Bh5 12. g4 Bg6 13. Nbc3 Nf6 14. f4 Bd3 15. Rf2 h6 16. Na4 Ne4 17. Bxe4 Bxe4 18. Ng3 exf4 19. Rxf4 Bg6 20. Nf5 Ne5 21. Nxb6 axb6 22. Bc3 Qd5 23. Qe2 c5 24. Qg2 Qd7 25. bxc5 bxc5 26. a4 f6 27. Rb1 Rab8 28. h4 h5 29. Bxe5 Rxe5 30. Rbf1 hxg4 31. Qxg4 Bxf5 32. Rxf5 Ra8 33. Qc4+ Qe6 34. Qxe6+ Rxe6 35. Rxc5 Rxa4 36. Rb1 b6 37. Rcb5 Rxh4 38. Rxb6 Ree4 39. Kf2 f5 40. Rg1 f4 41. Rb8+ Kh7 42. Rb7 fxe3+ 43. dxe3 Reg4 44. Rxg4 Rxg4 1/2-1/2

[Event "Madrid-chT 2425"]
[Site "Madrid"]
[Date "2025.03.02"]
[Round "12.3"]
[White "Fernandez Estremera, Fernando"]
[Black "Martinez Conde Hernandez, Carlos"]
[Result "1-0"]
[WhiteElo "2144"]
[BlackElo "2255"]
[PlyCount "133"]
[GameId "2152005683757360"]
[EventDate "2024.11.24"]
[EventType "team-tourn"]
[EventRounds "14"]
[EventCountry "ESP"]
[SourceVersionDate "2011.03.15"]
[WhiteTeam "Jaque Mate"]
[BlackTeam "Villalba 64"]
[WhiteTeamCountry "ESP"]
[BlackTeamCountry "ESP"]

1. d4 Nf6 2. Nc3 d5 3. Bg5 Bf5 4. f3 Nbd7 5. Nxd5 Nxd5 6. e4 h6 7. Bh4 Ne3 8. Qd3 Nxf1 9. exf5 Nxh2 10. Rxh2 c6 11. Ne2 Qa5+ 12. Nc3 O-O-O 13. O-O-O Nf6 14. g4 h5 15. Bg3 Rg8 16. Qe3 g6 17. Qe5 Qxe5 18. dxe5 Rxd1+ 19. Kxd1 h4 20. exf6 hxg3 21. Rh3 exf6 22. Ne4 g2 23. Rg3 Rh8 24. Rxg2 Rh1+ 25. Kd2 Be7 26. Re2 Kd7 27. Kc3 Rh3 28. Re3 Rh2 29. Rd3+ Kc7 30. b4 Re2 31. a3 b6 32. Kb3 c5 33. Nc3 Re1 34. Nb5+ Kb8 35. Rd7 cxb4 36. axb4 a5 37. Na7 Re3+ 38. Kc4 Bxb4 39. Kb5 Rc3 40. Ka6 a4 41. Rb7+ Ka8 42. Nb5 a3 43. Kxb6 Ba5+ 44. Kxa5 a2 45. Ra7+ Kb8 46. Kb4 Rxc2 47. Ra3 Kb7 48. Nd4 Rd2 49. Kc3 Rf2 50. Kb3 Rd2 51. Nc2 Kb6 52. Nb4 Rf2 53. Kc4 Rxf3 54. Nd5+ Kc6 55. Rxa2 Kd6 56. Re2 Ra3 57. Nxf6 Ra4+ 58. Kd3 Ra3+ 59. Kc4 Ra4+ 60. Kb3 Rf4 61. Kc3 Ra4 62. Re4 Ra3+ 63. Kd2 Rh3 64. Re3 Rh2+ 65. Kd3 Rh1 66. Ne4+ Ke5 67. Nf2+ 1-0

[Event "Madrid-chT 2425"]
[Site "Madrid"]
[Date "2025.03.02"]
[Round "12.4"]
[White "Lopez del Alamo, Antonio"]
[Black "Serrano Ruiz, Miguel"]
[Result "0-1"]
[WhiteElo "2162"]
[BlackElo "2043"]
[PlyCount "130"]
[GameId "2152009136017722"]
[EventDate "2024.11.24"]
[EventType "team-tourn"]
[EventRounds "14"]
[EventCountry "ESP"]
[SourceVersionDate "2011.03.15"]
[WhiteTeam "Villalba 64"]
[BlackTeam "Jaque Mate"]
[WhiteTeamCountry "ESP"]
[BlackTeamCountry "ESP"]

1. e4 c5 2. Nf3 e6 3. d3 a6 4. g3 b5 5. Bg2 Bb7 6. O-O Be7 7. Re1 d6 8. c3 Nf6 9. Nbd2 Nbd7 10. d4 cxd4 11. cxd4 O-O 12. b3 Rc8 13. Bb2 Qb6 14. Bf1 Rfd8 15. Bd3 Nb8 16. Qe2 Nc6 17. a3 Nd7 18. Rad1 Bf6 19. Bb1 e5 20. d5 Ne7 21. b4 Qa7 22. Nb3 Nb6 23. Qe3 Ba8 24. Na5 Qb8 25. Ba2 Rc2 26. Qb3 Rcc8 27. Qd3 g6 28. Bb3 Bg7 29. Bc1 Rc7 30. Bg5 f6 31. Be3 Kh8 32. Rc1 Rdc8 33. Rxc7 Rxc7 34. Nd2 Nd7 35. f3 Qc8 36. Nb1 Qb8 37. Qd2 Nb6 38. Qf2 Nd7 39. Rd1 Qc8 40. a4 bxa4 41. Bxa4 f5 42. Bc6 Nxc6 43. dxc6 Bxc6 44. Rxd6 fxe4 45. Qd2 Bb5 46. Na3 exf3 47. Nxb5 axb5 48. Qd5 e4 49. Nc6 Qe8 50. Re6 Qa8 51. Bd4 Nf8 52. Rd6 Qa3 53. Qxe4 Qc1+ 54. Kf2 Qd2+ 55. Kxf3 Rf7+ 56. Kg4 Qxh2 57. Bxg7+ Rxg7 58. Rf6 h5+ 59. Kf4 Qf2+ 60. Qf3 Qd2+ 61. Qe3 g5+ 62. Kf3 g4+ 63. Ke4 Qc2+ 64. Qd3 Qg2+ 65. Kd4 Rd7+ 0-1

[Event "Madrid-chT 2425"]
[Site "Madrid"]
[Date "2025.03.02"]
[Round "12.5"]
[White "Cuadrado Carmona, Javier"]
[Black "Gutierrez Diaz, Pablo"]
[Result "0-1"]
[WhiteElo "2122"]
[BlackElo "2016"]
[PlyCount "78"]
[GameId "2152011014676801"]
[EventDate "2024.11.24"]
[EventType "team-tourn"]
[EventRounds "14"]
[EventCountry "ESP"]
[SourceVersionDate "2011.03.15"]
[WhiteTeam "Jaque Mate"]
[BlackTeam "Villalba 64"]
[WhiteTeamCountry "ESP"]
[BlackTeamCountry "ESP"]

1. e4 c5 2. c3 d5 3. exd5 Qxd5 4. d4 Nf6 5. Nf3 Bg4 6. Be2 e6 7. O-O Be7 8. Be3 O-O 9. dxc5 Qxd1 10. Bxd1 Ne4 11. b4 a5 12. Nfd2 Bxd1 13. Nxe4 Bc2 14. Nbd2 axb4 15. cxb4 Nc6 16. b5 Nb4 17. Rfc1 Bd3 18. Rc3 f5 19. Bg5 fxe4 20. Bxe7 Rfe8 21. Bd6 Nc2 22. Rc1 Nd4 23. c6 bxc6 24. bxc6 Ne2+ 25. Kh1 Nxc3 26. Rxc3 Rxa2 27. Nb3 Rxf2 28. h3 Rc2 29. Rxc2 Bxc2 30. Nc5 Bd3 31. Be5 Bb5 32. c7 e3 33. Bg3 Rc8 34. Kg1 e2 35. Kf2 e5 36. Ne6 Bc4 37. Ng5 Rxc7 38. Bxe5 e1=Q+ 39. Kxe1 Re7 0-1

[Event "Madrid-chT 2425"]
[Site "Madrid"]
[Date "2025.03.02"]
[Round "12.6"]
[White "Alsina Lopez, Adolfo"]
[Black "Serrano Ruiz, Lope"]
[Result "1/2-1/2"]
[WhiteElo "1993"]
[BlackElo "2032"]
[PlyCount "162"]
[GameId "2154865535202156"]
[EventDate "2024.11.24"]
[EventType "team-tourn"]
[EventRounds "14"]
[EventCountry "ESP"]
[SourceVersionDate "2011.03.15"]
[WhiteTeam "Villalba 64"]
[BlackTeam "Jaque Mate"]
[WhiteTeamCountry "ESP"]
[BlackTeamCountry "ESP"]

1. d4 g6 2. Nf3 Bg7 3. e3 Nf6 4. Be2 O-O 5. O-O d5 6. Nbd2 Nbd7 7. c4 c6 8. b3 Re8 9. Bb2 Nf8 10. Ne5 N6d7 11. Ndf3 Nxe5 12. Nxe5 Nd7 13. Nf3 Nf6 14. Ne5 Ne4 15. Bd3 f6 16. cxd5 fxe5 17. Bxe4 cxd5 18. Bf3 e4 19. Be2 Bh6 20. Rc1 Bd7 21. b4 e6 22. a4 Bf8 23. Qb3 a6 24. f3 exf3 25. Rxf3 Bd6 26. Rcf1 Qc7 27. h3 Rf8 28. Bc3 Rxf3 29. Rxf3 Rc8 30. e4 dxe4 31. Re3 Qc6 32. Be1 Qc1 33. Bg4 Bxb4 34. Bxe6+ Kg7 35. Kh2 Bxe6 36. Qxe6 Qxe3 37. Qe5+ Kh6 38. Bxb4 Qg5 39. Qxe4 b5 40. axb5 axb5 41. Bd6 Qf5 42. Qh4+ Kg7 43. Be5+ Kg8 44. Qe7 Qf7 45. Qb4 Qd7 46. Qb3+ Rc4 47. Qa2 Qb7 48. Qa5 Rc8 49. Qa2+ Qf7 50. Qa6 Qd7 51. Qf6 Rf8 52. Qh8+ Kf7 53. Qxh7+ Ke6 54. Qxg6+ Kd5 55. Qb6 Qc6 56. Qa7 b4 57. Qe7 Rf2 58. Qxb4 Qc2 59. Qd6+ Ke4 60. Qg6+ Rf5 61. Qg4+ Kd5 62. Qg8+ Ke4 63. Qa8+ Ke3 64. Qa3+ Ke2 65. Qg3 Kf1 66. Qg6 Qd3 67. Qg3 Qe2 68. Qg4 Qxg4 69. hxg4 Rf2 70. Kg3 Rxg2+ 71. Kh4 Kf2 72. g5 Kf3 73. Kh5 Ke4 74. Kg6 Ra2 75. Bf6 Ra7 76. Be5 Ra6+ 77. Kf7 Kf5 78. Bf6 Ra7+ 79. Be7 Rd7 80. g6 Rxd4 81. g7 Rg4 1/2-1/2

[Event "Madrid-chT 2425"]
[Site "Madrid"]
[Date "2025.03.02"]
[Round "12.1"]
[White "Almeida Quintana, Omar"]
[Black "Rottenwohrer Suarez, Juan"]
[Result "1-0"]
[WhiteElo "2487"]
[BlackElo "2346"]
[PlyCount "75"]
[GameId "2152079122190399"]
[EventDate "2024.11.24"]
[EventType "team-tourn"]
[EventRounds "14"]
[EventCountry "ESP"]
[SourceVersionDate "2011.03.15"]
[WhiteTeam "Collado Villalba"]
[BlackTeam "San Sebastian de los Reyes"]
[WhiteTeamCountry "ESP"]
[BlackTeamCountry "ESP"]

{[%evp 0,75,11,27,18,22,16,19,29,24,15,0,3,-1,6,0,7,20,8,8,15,14,17,1,-2,-49,-12,-7,-23,-16,-15,-20,-56,-33,-14,-54,-28,-34,40,19,90,-16,26,9,-11,-7,31,50,-157,45,-162,125,125,168,147,129,115,137,190,111,189,179,276,44,412,216,335,373,65,390,362,480,510,529,574,403,559,542]} 1. d4 Nf6 2. Nf3 e6 3. c4 d5 4. Nc3 Bb4 5. cxd5 exd5 6. Qa4+ Nc6 7. Bg5 h6 8. Bxf6 Qxf6 9. e3 O-O 10. Be2 Be6 11. O-O a6 12. Rfc1 Bd6 13. Qd1 Ne7 14. Na4 b6 15. a3 g5 16. Ne1 Qg7 17. Rc3 f5 18. Rac1 g4 19. g3 h5 20. Nd3 Ng6 21. Bf1 h4 22. Bg2 Qh6 23. Rxc7 Bxc7 24. Rxc7 Rac8 25. Rxc8 Rxc8 26. Nxb6 Rd8 27. Qc2 Qf8 28. Na4 a5 29. Qc7 h3 30. Nac5 Qd6 31. Qxa5 Rc8 32. Nxe6 hxg2 33. Ndf4 Nxf4 34. Nxf4 Rd8 35. Kxg2 Qe7 36. Kg1 Rc8 37. Qxd5+ Qf7 38. Qb5 1-0

[Event "Madrid-chT 2425"]
[Site "Madrid"]
[Date "2025.03.02"]
[Round "12.2"]
[White "Alfaya Marcelo, Roberto"]
[Black "Pulvett Marin, Daniel Eduardo"]
[Result "1/2-1/2"]
[WhiteElo "2249"]
[BlackElo "2472"]
[PlyCount "30"]
[GameId "2152097742270534"]
[EventDate "2024.11.24"]
[EventType "team-tourn"]
[EventRounds "14"]
[EventCountry "ESP"]
[SourceVersionDate "2011.03.15"]
[WhiteTeam "San Sebastian de los Reyes"]
[BlackTeam "Collado Villalba"]
[WhiteTeamCountry "ESP"]
[BlackTeamCountry "ESP"]

1. d4 Nf6 2. c4 e6 3. Nf3 Bb4+ 4. Nbd2 b6 5. a3 Bxd2+ 6. Qxd2 Bb7 7. e3 O-O 8. Be2 d5 9. O-O dxc4 10. Bxc4 Nbd7 11. b4 c5 12. dxc5 bxc5 13. Rd1 Qc7 14. Be2 Rfd8 15. Bb2 Rac8 1/2-1/2

[Event "Madrid-chT 2425"]
[Site "Madrid"]
[Date "2025.03.02"]
[Round "12.3"]
[White "Suarez Uriel, Adrian"]
[Black "Martinez Fernandez, Raul"]
[Result "0-1"]
[WhiteElo "2395"]
[BlackElo "2155"]
[PlyCount "68"]
[GameId "2152098510721101"]
[EventDate "2024.11.24"]
[EventType "team-tourn"]
[EventRounds "14"]
[EventCountry "ESP"]
[SourceVersionDate "2011.03.15"]
[WhiteTeam "Collado Villalba"]
[BlackTeam "San Sebastian de los Reyes"]
[WhiteTeamCountry "ESP"]
[BlackTeamCountry "ESP"]

1. e4 e5 2. Nf3 Nc6 3. Bc4 Nf6 4. d3 Bc5 5. O-O O-O 6. h3 d6 7. c3 Bb6 8. a4 a6 9. Re1 Ne7 10. Bb3 Ng6 11. d4 Qe7 12. Nbd2 c6 13. Nf1 Nh5 14. a5 Ba7 15. Bg5 Qc7 16. Be3 Nhf4 17. Kh2 exd4 18. Nxd4 d5 19. g3 c5 20. Nc2 Qd7 21. g4 Qc7 22. exd5 Nd3+ 23. Ng3 Nxe1 24. Nxe1 Bd7 25. c4 f5 26. d6 Qc8 27. gxf5 Bxf5 28. Qh5 Qe6 29. Rd1 Ne5 30. Nxf5 Rxf5 31. Qh4 g6 32. Kg2 Rh5 33. Qg3 Rd8 34. Nd3 Nxd3 0-1

[Event "Madrid-chT 2425"]
[Site "Madrid"]
[Date "2025.03.02"]
[Round "12.4"]
[White "Pulido Gomez, Pablo Jose"]
[Black "Ruiz Buendia, Miguel"]
[Result "0-1"]
[WhiteElo "1938"]
[BlackElo "2353"]
[PlyCount "60"]
[GameId "2152188447670365"]
[EventDate "2024.11.24"]
[EventType "team-tourn"]
[EventRounds "14"]
[EventCountry "ESP"]
[SourceVersionDate "2011.03.15"]
[WhiteTeam "San Sebastian de los Reyes"]
[BlackTeam "Collado Villalba"]
[WhiteTeamCountry "ESP"]
[BlackTeamCountry "ESP"]

1. e4 c5 2. Nf3 d6 3. d4 cxd4 4. Nxd4 Nf6 5. Nc3 a6 6. Bg5 e6 7. f4 Qb6 8. Qd2 Qxb2 9. Rb1 Qa3 10. e5 h6 11. Bh4 dxe5 12. fxe5 g5 13. exf6 gxh4 14. Be2 Rg8 15. O-O h3 16. g3 Qa5 17. Qe3 Rg5 18. Ne4 Re5 19. Bf3 Nd7 20. Rfd1 Nc5 21. Qf4 Nxe4 22. Bxe4 Qc7 23. Qf3 Ra7 24. Kh1 Bc5 25. c3 Bd7 26. Rxb7 Rxb7 27. Bxb7 Bxd4 28. cxd4 Rf5 29. Qe4 Qc4 30. Qg4 Qf1+ 0-1

[Event "Madrid-chT 2425"]
[Site "Madrid"]
[Date "2025.03.02"]
[Round "12.5"]
[White "Zhou Li, Lulu"]
[Black "Marcos Trejo, Mateo"]
[Result "1-0"]
[WhiteElo "2169"]
[BlackElo "1540"]
[PlyCount "65"]
[GameId "2152200879145069"]
[EventDate "2024.11.24"]
[EventType "team-tourn"]
[EventRounds "14"]
[EventCountry "ESP"]
[SourceVersionDate "2011.03.15"]
[WhiteTeam "Collado Villalba"]
[BlackTeam "San Sebastian de los Reyes"]
[WhiteTeamCountry "ESP"]
[BlackTeamCountry "ESP"]

1. e4 c5 2. Nf3 Nc6 3. d4 cxd4 4. Nxd4 e5 5. Nb5 d6 6. N1c3 a6 7. Na3 Nf6 8. Bg5 Be6 9. Nc4 b5 10. Ne3 Be7 11. a3 O-O 12. f4 exf4 13. Bxf4 Ne5 14. Be2 Rc8 15. O-O Qb6 16. Kh1 Rxc3 17. bxc3 Nxe4 18. Qd4 Qc6 19. Bd3 Nxc3 20. Nf5 Re8 21. Nxe7+ Rxe7 22. Bxe5 dxe5 23. Qxe5 Bh3 24. Qg3 Re3 25. Qf2 Re7 26. Rae1 Be6 27. Bxh7+ Kf8 28. Qh4 Nd5 29. Bf5 Nf6 30. Qh8+ Ng8 31. Bh7 f6 32. Bxg8 Bxg8 33. Rxe7 1-0

[Event "Madrid-chT 2425"]
[Site "Madrid"]
[Date "2025.03.08"]
[Round "13.1"]
[White "Quispe Arteaga, Gabriel"]
[Black "Candela Perez, Jose"]
[Result "1-0"]
[WhiteElo "2404"]
[BlackElo "2291"]
[PlyCount "85"]
[GameId "2154865535202157"]
[EventDate "2024.11.24"]
[EventType "team-tourn"]
[EventRounds "14"]
[EventCountry "ESP"]
[SourceVersionDate "2011.03.15"]
[WhiteTeam "Villalba 64"]
[BlackTeam "Alcala de Henares"]
[WhiteTeamCountry "ESP"]
[BlackTeamCountry "ESP"]

1. d4 d5 2. c4 c6 3. cxd5 cxd5 4. Bf4 Nc6 5. e3 Nf6 6. Nc3 a6 7. Be2 Bf5 8. Nf3 e6 9. Qb3 Bd6 10. Bxd6 Qxd6 11. Qxb7 O-O 12. Qb3 Rfb8 13. Qa3 Qxa3 14. bxa3 h6 15. O-O Rb2 16. Rfc1 Na5 17. Bf1 Rc8 18. Bxa6 Rc6 19. Bf1 Ng4 20. Ne5 Nxe5 21. dxe5 Bc2 22. Nb5 Ba4 23. Nd4 Rxc1 24. Rxc1 Nc4 25. Bxc4 dxc4 26. h4 Rxa2 27. Rxc4 Rxa3 28. Rc8+ Kh7 29. Rf8 Kg6 30. h5+ Kxh5 31. Rxf7 Kg6 32. Ra7 Ra2 33. Nxe6 Kf5 34. Nd4+ Kxe5 35. Rxg7 Bd1 36. Re7+ Kf6 37. Re6+ Kg5 38. f3 h5 39. Rd6 Ra1 40. Kh2 h4 41. Rd5+ Kg6 42. Nf5 Kg5 43. Nxh4+ 1-0

[Event "Madrid-chT 2425"]
[Site "Madrid"]
[Date "2025.03.08"]
[Round "13.3"]
[White "Ruperez Benito, Antonio"]
[Black "Candela Martin, Alvaro"]
[Result "1-0"]
[WhiteElo "2323"]
[BlackElo "2003"]
[PlyCount "55"]
[GameId "2154621530710110"]
[EventDate "2024.11.24"]
[EventType "team-tourn"]
[EventRounds "14"]
[EventCountry "ESP"]
[SourceVersionDate "2011.03.15"]
[WhiteTeam "Villalba 64"]
[BlackTeam "Alcala de Henares"]
[WhiteTeamCountry "ESP"]
[BlackTeamCountry "ESP"]

1. e4 e5 2. Nf3 Nc6 3. Bc4 Bc5 4. d3 Nf6 5. O-O d6 6. c3 a6 7. Bb3 Ba7 8. Nbd2 O-O 9. h3 Be6 10. Bc2 Re8 11. Re1 h6 12. Nf1 d5 13. exd5 Nxd5 14. Ng3 Qe7 15. Qe2 Nf4 16. Bxf4 exf4 17. Nh5 Qd6 18. d4 Ne7 19. Qd2 Nd5 20. c4 Nb4 21. Bb3 Red8 22. Rad1 Bxh3 23. c5 Bxc5 24. dxc5 Qg6 25. Nxf4 Qg4 26. Qxd8+ Rxd8 27. Rxd8+ Kh7 28. Nxh3 1-0

[Event "Madrid-chT 2425"]
[Site "Madrid"]
[Date "2025.03.08"]
[Round "13.4"]
[White "Candela Martin, Diego"]
[Black "Martinez Conde Hernandez, Carlos"]
[Result "0-1"]
[WhiteElo "1798"]
[BlackElo "2255"]
[PlyCount "48"]
[GameId "2154622441697391"]
[EventDate "2024.11.24"]
[EventType "team-tourn"]
[EventRounds "14"]
[EventCountry "ESP"]
[SourceVersionDate "2011.03.15"]
[WhiteTeam "Alcala de Henares"]
[BlackTeam "Villalba 64"]
[WhiteTeamCountry "ESP"]
[BlackTeamCountry "ESP"]

1. e4 c5 2. Nf3 e6 3. b3 b6 4. Bb2 Bb7 5. e5 Nc6 6. Be2 f6 7. O-O Qc7 8. d4 cxd4 9. exf6 Nxf6 10. Nxd4 Nxd4 11. Bxd4 Bd6 12. h3 O-O 13. c4 Rf7 14. Nd2 Raf8 15. Bf3 Bxf3 16. Nxf3 Ne4 17. Qe2 Rxf3 18. gxf3 Ng5 19. Kg2 Nxf3 20. Qxf3 Rxf3 21. Kxf3 Qc6+ 22. Ke3 e5 23. Bb2 Bc5+ 24. Ke2 Qe4+ 0-1

[Event "Madrid-chT 2425"]
[Site "Madrid"]
[Date "2025.03.08"]
[Round "13.5"]
[White "Gutierrez Diaz, Pablo"]
[Black "Eftimie, Karl"]
[Result "1-0"]
[WhiteElo "2016"]
[BlackElo "1685"]
[PlyCount "75"]
[GameId "2154627701895288"]
[EventDate "2024.11.24"]
[EventType "team-tourn"]
[EventRounds "14"]
[EventCountry "ESP"]
[SourceVersionDate "2011.03.15"]
[WhiteTeam "Villalba 64"]
[BlackTeam "Alcala de Henares"]
[WhiteTeamCountry "ESP"]
[BlackTeamCountry "ESP"]

1. e4 e5 2. Nf3 Nc6 3. d4 exd4 4. Nxd4 Nf6 5. Nxc6 bxc6 6. Qe2 Bc5 7. e5 Nd5 8. c4 Ne7 9. Nc3 Ng6 10. Bd2 Qe7 11. O-O-O Bb4 12. Qh5 Ba6 13. f4 Bxc3 14. Bxc3 Nxf4 15. Qg4 Ne6 16. h4 h5 17. Qe4 Rb8 18. Be2 Nc5 19. Qe3 Rb7 20. b3 Ne6 21. Rd2 c5 22. Bf3 c6 23. g3 g6 24. Bb2 Kf8 25. Be4 Kg7 26. Rf1 Rbb8 27. Rf6 Rbe8 28. Qd3 Nd4 29. Rdf2 Qxe5 30. Rxf7+ Kg8 31. Bxd4 cxd4 32. Bxg6 Qe3+ 33. Kc2 Qxd3+ 34. Bxd3 Bc8 35. c5 Rh6 36. Bc4 d5 37. cxd6 Be6 38. d7 1-0

[Event "Madrid-chT 2425"]
[Site "Madrid"]
[Date "2025.03.09"]
[Round "13.1"]
[White "Plazuelo Pascual, Juan"]
[Black "Almeida Quintana, Omar"]
[Result "1-0"]
[WhiteElo "2447"]
[BlackElo "2487"]
[PlyCount "89"]
[GameId "2154723637690524"]
[EventDate "2024.11.24"]
[EventType "team-tourn"]
[EventRounds "14"]
[EventCountry "ESP"]
[SourceVersionDate "2011.03.15"]
[WhiteTeam "Alcorcon Diagonal"]
[BlackTeam "Collado Villalba"]
[WhiteTeamCountry "ESP"]
[BlackTeamCountry "ESP"]

1. e4 g6 2. d4 Bg7 3. Nc3 d6 4. Be3 a6 5. g4 b5 6. Bg2 Bb7 7. h4 h6 8. g5 hxg5 9. h5 gxh5 10. Rxh5 Nf6 11. Rxh8+ Bxh8 12. Bxg5 Nbd7 13. Qd3 e5 14. O-O-O Qe7 15. Nd5 Bxd5 16. exd5 exd4 17. Nf3 Ne5 18. Qxd4 Nxf3 19. Bxf3 Qe5 20. Qxe5+ dxe5 21. d6 O-O-O 22. d7+ Rxd7 23. Rh1 Rd8 24. Rh6 Bg7 25. Rxf6 Bxf6 26. Bxf6 Re8 27. Bg4+ Kb7 28. Bd7 Rg8 29. Bxe5 Rd8 30. Bg4 c5 31. b3 Kb6 32. f4 a5 33. Be2 Kc6 34. a4 b4 35. Bc4 Rf8 36. Bb5+ Kb6 37. Bf6 Rg8 38. Kd2 Kc7 39. Bc4 Kd7 40. Be5 Rg2+ 41. Kd3 f5 42. Bd5 Rf2 43. Kc4 Rxc2+ 44. Kb5 Rc1 45. Bc4 1-0

[Event "Madrid-chT 2425"]
[Site "Madrid"]
[Date "2025.03.09"]
[Round "13.3"]
[White "Ortega Ruiz, Jose Miguel"]
[Black "Suarez Uriel, Adrian"]
[Result "1/2-1/2"]
[WhiteElo "2337"]
[BlackElo "2395"]
[PlyCount "109"]
[GameId "2154728449831078"]
[EventDate "2024.11.24"]
[EventType "team-tourn"]
[EventRounds "14"]
[EventCountry "ESP"]
[SourceVersionDate "2011.03.15"]
[WhiteTeam "Alcorcon Diagonal"]
[BlackTeam "Collado Villalba"]
[WhiteTeamCountry "ESP"]
[BlackTeamCountry "ESP"]

{[%evp 0,35,11,19,8,-60,30,33,41,24,19,42,15,8,46,0,68,44,70,10,15,33,13,27,25,37,-38,20,-23,26,27,0,52,52,50,45,66,52]} 1. d4 Nf6 2. c4 g6 3. Nc3 d5 4. Bf4 Bg7 5. e3 O-O 6. Rc1 Be6 7. cxd5 Nxd5 8. Nxd5 Qxd5 9. b3 Na6 10. Nf3 Rac8 11. Bc4 Qa5+ 12. Qd2 Qxd2+ 13. Kxd2 Bxc4 14. Rxc4 c5 15. dxc5 Nxc5 16. Rhc1 Rcd8+ 17. Ke2 Nd3 18. Rd1 Nxf4+ 19. exf4 Rxd1 20. Kxd1 Rb8 21. Ke2 Kf8 22. Ke3 Ke8 23. Ke4 Kd7 24. Ne5+ Ke6 25. Nd3 f5+ 26. Ke3 Kd6 27. Rc2 Bf6 28. g3 h6 29. h4 g5 30. hxg5 hxg5 31. fxg5 Bxg5+ 32. f4 Bf6 33. Nf2 e6 34. g4 Rh8 35. Rd2+ Ke7 36. Rc2 Kd7 37. Rd2+ Ke7 38. Rc2 Rd8 39. Rc7+ Rd7 40. Rxd7+ Kxd7 41. g5 Bd8 42. Nd3 Bb6+ 43. Kf3 Bd4 44. Kg3 Kd6 45. Kf3 a5 46. a4 Kd5 47. Ne1 e5 48. fxe5 Bxe5 49. Nc2 Bc7 50. Ne3+ Ke6 51. g6 Be5 52. Nc4 Bc7 53. Ne3 Be5 54. Nc4 Bc7 55. Ne3 1/2-1/2

[Event "Madrid-chT 2425"]
[Site "Madrid"]
[Date "2025.03.09"]
[Round "13.4"]
[White "Ruiz Buendia, Miguel"]
[Black "Bravo De la Vega, Alvaro"]
[Result "1/2-1/2"]
[WhiteElo "2353"]
[BlackElo "2243"]
[PlyCount "61"]
[GameId "2154732444664035"]
[EventDate "2024.11.24"]
[EventType "team-tourn"]
[EventRounds "14"]
[EventCountry "ESP"]
[SourceVersionDate "2011.03.15"]
[WhiteTeam "Collado Villalba"]
[BlackTeam "Alcorcon Diagonal"]
[WhiteTeamCountry "ESP"]
[BlackTeamCountry "ESP"]

1. e4 c5 2. Nf3 d6 3. d4 cxd4 4. Nxd4 Nf6 5. Nc3 a6 6. Bg5 e6 7. f4 Be7 8. Qf3 Qc7 9. O-O-O Nbd7 10. g4 h6 11. Bxf6 Bxf6 12. h4 Nb6 13. g5 Bxd4 14. Rxd4 Qc5 15. Rd2 Bd7 16. Be2 Na4 17. Rd3 Rc8 18. Bd1 Nxc3 19. Rxc3 Qa5 20. Rxc8+ Bxc8 21. a3 hxg5 22. hxg5 Rxh1 23. Qxh1 Qc5 24. Qh8+ Ke7 25. g6 fxg6 26. Qxg7+ Kd8 27. Qf6+ Kc7 28. Kb1 Qg1 29. Qc3+ Kd7 30. Qd2 Ke7 31. Ka2 1/2-1/2

[Event "Madrid-chT 2425"]
[Site "Madrid"]
[Date "2025.03.09"]
[Round "13.5"]
[White "Lozano Ramirez, Nestor Favian"]
[Black "Zhou Li, Lulu"]
[Result "1-0"]
[WhiteElo "2229"]
[BlackElo "2169"]
[PlyCount "65"]
[GameId "2154737729159423"]
[EventDate "2024.11.24"]
[EventType "team-tourn"]
[EventRounds "14"]
[EventCountry "ESP"]
[SourceVersionDate "2011.03.15"]
[WhiteTeam "Alcorcon Diagonal"]
[BlackTeam "Collado Villalba"]
[WhiteTeamCountry "ESP"]
[BlackTeamCountry "ESP"]

1. c4 e5 2. g3 Nf6 3. Bg2 d5 4. cxd5 Nxd5 5. Nf3 Nc6 6. O-O Be7 7. d4 exd4 8. Nxd4 Ndb4 9. Nxc6 Nxc6 10. Nc3 O-O 11. Bf4 Be6 12. Nb5 Rc8 13. Bxc6 bxc6 14. Nxa7 Qxd1 15. Rfxd1 Ra8 16. Nxc6 Bf6 17. Be5 Bxe5 18. Nxe5 Rxa2 19. Rxa2 Bxa2 20. Nc6 Be6 21. f3 f5 22. Kf2 Re8 23. Rd8 Rxd8 24. Nxd8 Bd7 25. Ke3 Kf8 26. Kd4 Ke7 27. Nb7 Bc6 28. Nc5 Kd6 29. e4 fxe4 30. fxe4 h6 31. e5+ Ke7 32. Na6 Kd7 33. Nb8+ 1-0